=LDR 00000nam 2200000 4500 =001 INLIS000000000031927 =005 20130612133952 =008 ***********************************ind** =035 ##$$0010-061300000031927 =041 ##$$a ind =082 ##$$a 344.01 =090 ##$$a 344.01, Ind u =245 ##$$a Undang-undang Ketenaga Kerjaan di Lengkapi Dengan UU No. 13 th. 2003 =260 ##$$a 2004 $b Jakarta =300 ##$$a ix,270 hlm, 20,5 cm =650 ##$$a Tenaga Kerja-undang-Undang =850 ##$$a NBPNMAT